Los vasos comunicantes
Αποθηκεύτηκε σε:
| Κύριος συγγραφέας: | |
|---|---|
| Μορφή: | Βιβλίο |
| Γλώσσα: | Ισπανικά |
| Έκδοση: |
Madrid
Siruela
2005
|
| Σειρά: | Libros del Tiempo, 201
|
| Θέματα: | |
| Ετικέτες: |
Προσθήκη ετικέτας
Δεν υπάρχουν, Καταχωρήστε ετικέτα πρώτοι!
|
MARC
| LEADER | 00000nam a2200000 a 4500 | ||
|---|---|---|---|
| 001 | UCI7662 | ||
| 003 | CL-VaPUC | ||
| 008 | 080718e20050000SP |||||||||||||||||spa|d | ||
| 020 | |a 8478448691 | ||
| 082 | 0 | 4 | |a 154.63 |b BRE |2 21 |
| 100 | |a Breton, André |e author |9 268387 | ||
| 245 | 1 | 4 | |a Los vasos comunicantes |
| 300 | |a 139 p | ||
| 942 | |c BK | ||
| 945 | |d 20080718 00:00:00 |a rbrito | ||
| 260 | |a Madrid |b Siruela |c 2005 | ||
| 650 | 0 | |a Sueño |9 334635 | |
| 650 | 7 | |a INTERPRETACION DE SUEÑO |2 CL-VaPUC |9 530928 | |
| 583 | |a last modification |c 20080718 00:00:00 |k Rodrigo Vera | ||
| 490 | 0 | |a Libros del Tiempo, 201 | |
| 999 | |c 330855 |d 330853 | ||
| 952 | |0 0 |1 0 |4 0 |6 154_630000000000000_BRE_2005 |7 0 |8 R |9 416751 |a BIBART |b BIBART |d 2019-11-22 |i 4458699 |l 5 |m 1 |o 154.63 BRE 2005 |p 4458699 |r 2025-03-13 |s 2022-11-14 |w 2019-11-22 |y BK_R |k ART | ||